BUBT Library Online Catalog

English Skills With Readings : (Record no. 3299)

000 -LEADER
fixed length control field 00597nam a2200217Ia 4500
003 - CONTROL NUMBER IDENTIFIER
control field BUBTL
008 - FIXED-LENGTH DATA ELEMENTS--GENERAL INFORMATION
fixed length control field 151213s9999 xx 000 0 und d
020 ## - INTERNATIONAL STANDARD BOOK NUMBER
International Standard Book Number 0072480033
082 ## - DEWEY DECIMAL CLASSIFICATION NUMBER
Classification number 808.0427/ L257e/ 2002
100 ## - MAIN ENTRY--PERSONAL NAME
Personal name Longan, John
9 (RLIN) 4639
245 ## - TITLE STATEMENT
Title English Skills With Readings :
Statement of responsibility, etc. John Longan
250 ## - EDITION STATEMENT
Edition statement 5th
260 ## - PUBLICATION, DISTRIBUTION, ETC. (IMPRINT)
Place of publication, distribution, etc. Boston
Name of publisher, distributor, etc. Mc Graw Hill
Date of publication, distribution, etc. c2002
300 ## - PHYSICAL DESCRIPTION
Extent [xxii], 742p. :
Other physical details ill. 21cm
500 ## - GENERAL NOTE
General note Includes Index
650 ## - SUBJECT ADDED ENTRY--TOPICAL TERM
Topical term or geographic name as entry element English
9 (RLIN) 3550
700 ## - ADDED ENTRY--PERSONAL NAME
Personal name John Longan
9 (RLIN) 4640
856 ## - ELECTRONIC LOCATION AND ACCESS
Password 0
Logon 0
Link text Download
942 ## - ADDED ENTRY ELEMENTS (KOHA)
Source of classification or shelving scheme
Koha item type Books
Holdings
Withdrawn status Lost status Source of classification or shelving scheme Damaged status Not for loan Collection code Permanent location Current location Shelving location Date acquired Source of acquisition Inventory number Total Checkouts Full call number Barcode Date last seen Date last checked out Copy number Price effective from Koha item type
          Non-fiction Bangladesh University of Business and Technology Library Bangladesh University of Business and Technology Library English Literature Stacks 07/30/2008 Purchase 5505 1 808.0427/ L257e/ 2002 BUBTL-20035505 12/20/2023 12/11/2023 C-1 01/15/2019 Books
        Not For Loan Non-fiction Bangladesh University of Business and Technology Library Bangladesh University of Business and Technology Library English Literature Stacks 07/30/2008 Purchase 5506   808.0427/ L257e/ 2002 BUBTL-20035506 09/07/2022   C-2 09/07/2022 Books

More Information About Library

Library Hours

  • Open: 9.00 am. to 9.00 pm.
  • Only Sunday: 9.00 am. to 6.00 pm.
  • Closed: Holiday

Contact to the University

Bangladesh University of Business and Technology Library

  • Mirpurl-2, 1216.
  • Phone:
  • Fax:
  • E-Mail: admin.library@bubt.edu.bd

Contact to the Library

Contact Person:

Md. Abdul Hakim Shah
Joint Librarian
PABX No:  113
Cell No: 01816332931
E-mail: official: admin.library@bubt.edu.bd
Personal: hakim.shah@bubt.edu.bd


BUBT Library

Copyright © 2021